UBT Library

Organ transplants : (Record no. 43781)

000 -LEADER
fixed length control field 00668pam a2200229 a 4500
001 - CONTROL NUMBER
control field 4377365
005 - DATE AND TIME OF LATEST TRANSACTION
control field 20180301041041.0
008 - FIXED-LENGTH DATA ELEMENTS--GENERAL INFORMATION
fixed length control field 910415s1991 mau 001 0 eng c
010 ## - LIBRARY OF CONGRESS CONTROL NUMBER
LC control number 91007083
020 ## - INTERNATIONAL STANDARD BOOK NUMBER
International Standard Book Number 067464235X (alk. paper) :
Terms of availability $24.95
040 ## - CATALOGING SOURCE
Original cataloging agency DNLM/DLC
Transcribing agency DLC
Modifying agency DLC
041 ## - LANGUAGE CODE
Language code of text/sound track or separate title eng
060 ## - NATIONAL LIBRARY OF MEDICINE CALL NUMBER
Classification number WO 660 O687
080 ## - UNIVERSAL DECIMAL CLASSIFICATION NUMBER
Universal Decimal Classification number 617.95
082 00 - DEWEY DECIMAL CLASSIFICATION NUMBER
Classification number 617.95 PIZ
Edition number 20
100 ## - Rafti
Rafti 5
101 ## - Shkurtesa
Shkurtesa KIR
245 00 - TITLE STATEMENT
Title Organ transplants :
Statement of responsibility, etc the Massachusetts General Hospital Organ Transplant Team and H.F. Pizer.
906 ## - LOCAL DATA ELEMENT F, LDF (RLIN)
a 7
b cbc
c orignew
d 1
e ocip
f 19
g y-gencatlg
942 ## - ADDED ENTRY ELEMENTS (KOHA)
Source of classification or shelving scheme
Item type Books
Holdings
Withdrawn status Lost status Source of classification or shelving scheme Damaged status Not for loan Collection code Permanent location Current location Shelving location Date acquired Total Checkouts Full call number Barcode Date last seen Price effective from Koha item type
          Koleksioni i përgjithshem UBT - Lipjan UBT - Lipjan Koleksioni i përgjithshem 03/01/2018   617.95 PIZ 002-3000154 03/01/2018 03/01/2018 Books
UBT Library © 2015-2024. All rights reserved University Education for Business and Technology